[Event "Budapest FS10 GM"]
[Site "Budapest"]
[Date "2005.10.13"]
[Round "13"]
[White "Kallio, Heikki"]
[Black "Wittmann, Walter"]
[Result "1/2-1/2"]
[WhiteElo "2501"]
[BlackElo "2376"]
[PlyCount "53"]
[EventDate "2005.10.01"]
[EventType "tourn"]
[EventRounds "13"]
[EventCountry "HUN"]
[EventCategory "7"]
[SourceTitle "CBM 108 Extra"]
[Source "ChessBase"]
[SourceDate "2005.11.04"]
[SourceVersion "1"]
[SourceVersionDate "2005.11.04"]
[SourceQuality "1"]

1. d4 Nf6 2. Nf3 g6 3. Nc3 d5 4. Bf4 Bg7 5. e3 c6 6. Be2 Bg4 7. h3 Bxf3 8. Bxf3 Nbd7 9. h4 h5 10. Qe2 Qa5 11. 0-0 0-0 12. e4 dxe4 13. Nxe4 e5 14. dxe5 Nxe5 15. Nxf6+ Bxf6 16. Be4 Rfe8 17. g3 Nd7 18. c3 Nc5 19. b4 Qa6 20. Qxa6 Nxa6 21. Bd3 Bxc3 22. Rac1 Bxb4 23. Bxa6 bxa6 24. Rxc6 a5 25. Be3 Rad8 26. Ra6 Rd7 27. a3 1/2-1/2

[Event "Budapest FS10 GM"]
[Site "Budapest"]
[Date "2005.10.12"]
[Round "12"]
[White "Paschall, William M"]
[Black "Kallio, Heikki"]
[Result "1/2-1/2"]
[WhiteElo "2396"]
[BlackElo "2501"]
[PlyCount "33"]
[EventDate "2005.10.01"]
[EventType "tourn"]
[EventRounds "13"]
[EventCountry "HUN"]
[EventCategory "7"]
[SourceTitle "CBM 108 Extra"]
[Source "ChessBase"]
[SourceDate "2005.11.04"]
[SourceVersion "1"]
[SourceVersionDate "2005.11.04"]
[SourceQuality "1"]

1. Nf3 Nf6 2. c4 e6 3. d4 b6 4. g3 Bb4+ 5. Bd2 a5 6. Bg2 Bb7 7. 0-0 Bxd2 8. Nbxd2 d6 9. Qc2 Nbd7 10. Rad1 Qe7 11. Rfe1 0-0 12. e4 e5 13. Nb1 exd4 14. Nxd4 Nc5 15. Nc3 Rfe8 16. f3 Rad8 17. Qf2 1/2-1/2

[Event "Budapest FS10 GM"]
[Site "Budapest"]
[Date "2005.10.10"]
[Round "10"]
[White "Buli, Vangjel"]
[Black "Kallio, Heikki"]
[Result "1/2-1/2"]
[WhiteElo "2294"]
[BlackElo "2501"]
[PlyCount "103"]
[EventDate "2005.10.01"]
[EventType "tourn"]
[EventRounds "13"]
[EventCountry "HUN"]
[EventCategory "7"]
[SourceTitle "CBM 108 Extra"]
[Source "ChessBase"]
[SourceDate "2005.11.04"]
[SourceVersion "1"]
[SourceVersionDate "2005.11.04"]
[SourceQuality "1"]

1. d4 Nf6 2. c4 e6 3. Nf3 b6 4. g3 Ba6 5. Qa4 Be7 6. Nc3 0-0 7. Bg2 Bb7 8. 0-0 Ne4 9. Qc2 Nxc3 10. Qxc3 Be4 11. Bf4 c5 12. dxc5 bxc5 13. Be5 f6 14. Qe3 Bc6 15. Bc3 a5 16. Rfd1 Qc7 17. Nd2 Bxg2 18. Kxg2 f5 19. Nf3 Nc6 20. Rd2 Qc8 21. Rad1 d6 22. Ne1 e5 23. f4 exf4 24. Qxf4 Nd8 25. Nd3 Ne6 26. Qf3 Ng5 27. Qd5+ Rf7 28. Nf2 Ra7 29. Rd3 Bf8 30. h4 Ne6 31. Nh3 f4 32. gxf4 Nxf4+ 33. Nxf4 Qg4+ 34. Rg3 Qxf4 35. Kh3 Rae7 36. Rf3 Re3 37. Rd3 Rxd3 38. Qxd3 Qc1 39. Kg2 Rxf3 40. Qxf3 Be7 41. Qd5+ Kf8 42. Qf5+ Ke8 43. Qxh7 Qf4 44. Qg6+ Kd7 45. e4 Qxh4 46. Bxa5 Bd8 47. Bxd8 Qxd8 48. Qxg7+ Kc6 49. Kg3 Qe8 50. Qf6 Qg8+ 51. Kf2 Qxc4 52. e5 1/2-1/2

[Event "Andorra op 23rd"]
[Site "Andorra"]
[Date "2005.07.13"]
[Round "5"]
[White "Kallio, Heikki"]
[Black "Lacasa Diaz, Jose Antonio"]
[Result "1-0"]
[WhiteElo "2507"]
[BlackElo "2420"]
[PlyCount "61"]
[EventDate "2005.07.09"]
[EventType "swiss"]
[EventRounds "9"]
[EventCountry "AND"]
[SourceTitle "CBM 107 Extra"]
[Source "ChessBase"]
[SourceDate "2005.09.01"]
[SourceVersion "1"]
[SourceVersionDate "2005.09.01"]
[SourceQuality "1"]

1. d4 Nf6 2. c4 e6 3. Nc3 Bb4 4. e3 b6 5. Bd3 Bb7 6. Nf3 Ne4 7. Bd2 Bxc3 8. Bxc3 Nxc3 9. bxc3 0-0 10. c5 d6 11. cxb6 cxb6 12. 0-0 Nc6 13. Nd2 Rc8 14. Qh5 h6 15. Rac1 e5 16. Qf5 g6 17. Qh3 Kg7 18. f4 f5 19. Qg3 exd4 20. exd4 Qf6 21. Rfe1 Rfe8 22. Qf2 Rxe1+ 23. Rxe1 Rc7 24. d5 Na5 25. Re6 Qf8 26. Qg3 Qf7 27. Qe3 Qf8 28. Ne4 fxe4 29. Qxe4 Qf7 30. Rxg6+ Kf8 31. Qd4 1-0

[Event "Andorra op 23rd"]
[Site "Andorra"]
[Date "2005.07.09"]
[Round "1"]
[White "Kallio, Heikki"]
[Black "Fernandez Fernandez, Juan Carlos"]
[Result "1-0"]
[WhiteElo "2507"]
[BlackElo "2098"]
[PlyCount "97"]
[EventDate "2005.07.09"]
[EventType "swiss"]
[EventRounds "9"]
[EventCountry "AND"]
[SourceTitle "CBM 107 Extra"]
[Source "ChessBase"]
[SourceDate "2005.09.01"]
[SourceVersion "1"]
[SourceVersionDate "2005.09.01"]
[SourceQuality "1"]

1. e4 c6 2. Nc3 d5 3. Nf3 Bg4 4. Be2 e6 5. h3 Bh5 6. 0-0 Nf6 7. e5 Nfd7 8. d4 Be7 9. a3 c5 10. dxc5 Bxc5 11. Bg5 Qc8 12. Qe1 0-0 13. g4 Bg6 14. b4 Bb6 15. Nb5 Bd8 16. Bf4 Be7 17. Rc1 Nc6 18. Bg3 a6 19. Nbd4 Nxd4 20. Nxd4 Qd8 21. f4 Be4 22. Bd3 Bxd3 23. cxd3 a5 24. Bf2 axb4 25. axb4 Rc8 26. Qd2 Rxc1 27. Rxc1 Qb8 28. Qc3 Rd8 29. Nb5 h6 30. Bd4 f6 31. exf6 Bxf6 32. Bxf6 Nxf6 33. Qe5 Qxe5 34. fxe5 Ne8 35. Kf2 Kf8 36. Ke3 Ke7 37. Kd4 Kd7 38. Rf1 Kc6 39. Nc3 Rd7 40. Rc1 b6 41. h4 Kb7 42. Nb5 Ka6 43. Rc8 Kxb5 44. Rxe8 Kxb4 45. Rxe6 Kb5 46. g5 hxg5 47. hxg5 Ka6 48. Re8 b5 49. e6 1-0

[Event "Guillermo Garcia Memorial-B 13th"]
[Site "Santa Clara"]
[Date "2005.05.25"]
[Round "5"]
[White "Kallio, Heikki"]
[Black "Frois, Antonio"]
[Result "1/2-1/2"]
[WhiteElo "2469"]
[BlackElo "2356"]
[PlyCount "160"]
[EventDate "2005.05.21"]
[EventType "tourn"]
[EventRounds "13"]
[EventCountry "CUB"]
[EventCategory "8"]
[SourceTitle "EXT 2006"]
[Source "ChessBase"]
[SourceDate "2005.11.24"]
[SourceVersion "1"]
[SourceVersionDate "2005.11.24"]
[SourceQuality "1"]

1. b3 Nf6 2. Bb2 e6 3. e3 d5 4. f4 Bd6 5. Nf3 Qe7 6. Be2 Nbd7 7. c4 e5 8. c5 Bxc5 9. fxe5 Ne4 10. 0-0 0-0 11. Kh1 c6 12. Qc2 Bb4 13. d3 Ng5 14. Nbd2 Nxf3 15. Nxf3 f6 16. d4 Rf7 17. Bd3 Nf8 18. e4 dxe4 19. Bxe4 f5 20. Bd3 Be6 21. a3 Ba5 22. Nd2 Bxd2 23. Qxd2 Bxb3 24. Bxf5 Bc4 25. Rf2 Be6 26. Bc2 Rd8 27. Raf1 Rxf2 28. Qxf2 Bc4 29. Re1 Ne6 30. Bxh7+ Kxh7 31. Qc2+ Kh8 32. Qxc4 Qh4 33. Qe2 Rf8 34. g3 Qh3 35. Qg2 Qf5 36. a4 Kg8 37. d5 cxd5 38. Qxd5 Rc8 39. Qe4 Qh3 40. Bc1 b6 41. Be3 Qh7 42. Qg4 Rc6 43. h4 Qd3 44. Kg1 Qd5 45. Rd1 Qxe5 46. Bf2 Rd6 47. Re1 Qf6 48. Kg2 Qf7 49. Re3 Nd4 50. Qe4 Rf6 51. Qe8+ Kh7 52. Qxf7 Rxf7 53. h5 g6 54. Re4 Nf5 55. g4 Ng7 56. hxg6+ Kxg6 57. Rc4 Ne6 58. Be3 Rc7 59. Re4 Kf6 60. Kg3 Rc2 61. Rb4 Rc3 62. Kf2 Kg6 63. Ke2 Nc5 64. Kd2 Rd3+ 65. Ke2 Rc3 66. Bxc5 Rxc5 67. Kf3 Rc1 68. Rd4 Kg5 69. Rd5+ Kf6 70. Rd7 Rc3+ 71. Ke2 Rc4 72. g5+ Kxg5 73. Rxa7 Rb4 74. Kd3 b5 75. a5 Ra4 76. a6 Kg6 77. Kc3 Kh6 78. Kb3 Kg6 79. Ra8 Kg7 80. a7 Kh7 1/2-1/2

[Event "Guillermo Garcia Memorial-B 13th"]
[Site "Santa Clara"]
[Date "2005.05.23"]
[Round "3"]
[White "Kallio, Heikki"]
[Black "Quesada Perez, Yuniesky"]
[Result "1/2-1/2"]
[WhiteElo "2469"]
[BlackElo "2502"]
[PlyCount "78"]
[EventDate "2005.05.21"]
[EventType "tourn"]
[EventRounds "13"]
[EventCountry "CUB"]
[EventCategory "8"]
[SourceTitle "EXT 2006"]
[Source "ChessBase"]
[SourceDate "2005.11.24"]
[SourceVersion "1"]
[SourceVersionDate "2005.11.24"]
[SourceQuality "1"]

1. d4 Nf6 2. c4 e6 3. Nf3 b6 4. Nc3 Bb7 5. Bg5 Be7 6. e3 h6 7. Bh4 Ne4 8. Bxe7 Qxe7 9. Nxe4 Bxe4 10. Bd3 Qb4+ 11. Qd2 Qxd2+ 12. Kxd2 Bxd3 13. Kxd3 d6 14. Nd2 Nd7 15. f4 f5 16. b4 0-0 17. a4 a5 18. bxa5 Rxa5 19. Nb3 Ra6 20. a5 Rb8 21. axb6 Raxb6 22. Nd2 c5 23. Rhb1 Rxb1 24. Nxb1 Rb3+ 25. Nc3 Nf6 26. Rb1 Ra3 27. Kc2 Ng4 28. Rb8+ Kh7 29. Kb2 Ra7 30. dxc5 dxc5 31. Nd1 Rd7 32. Kc1 Nxh2 33. Rc8 Nf1 34. Rxc5 Nd2 35. Rc6 Nb3+ 36. Kc2 Na1+ 37. Kc1 Nb3+ 38. Kc2 Na1+ 39. Kc1 Nb3+ 1/2-1/2

[Event "Guillermo Garcia Memorial-B 13th"]
[Site "Santa Clara"]
[Date "2005.05.22"]
[Round "2"]
[White "Fernandez Romero, Ernesto"]
[Black "Kallio, Heikki"]
[Result "1-0"]
[WhiteElo "2449"]
[BlackElo "2469"]
[PlyCount "57"]
[EventDate "2005.05.21"]
[EventType "tourn"]
[EventRounds "13"]
[EventCountry "CUB"]
[EventCategory "8"]
[SourceTitle "EXT 2006"]
[Source "ChessBase"]
[SourceDate "2005.11.24"]
[SourceVersion "1"]
[SourceVersionDate "2005.11.24"]
[SourceQuality "1"]

1. e4 d6 2. d4 g6 3. Nc3 Bg7 4. f4 c6 5. Nf3 b5 6. Bd3 b4 7. Ne2 Nf6 8. 0-0 Ba6 9. e5 Nd5 10. Ng5 e6 11. Ne4 Bf8 12. c4 bxc3 13. bxc3 Bxd3 14. Qxd3 Nd7 15. Nxd6+ Bxd6 16. exd6 0-0 17. c4 N5f6 18. Ng3 Qa5 19. f5 exf5 20. Bh6 Rfe8 21. Nxf5 gxf5 22. Rxf5 Re1+ 23. Kf2 Ng4+ 24. Kg3 Qb4 25. Rg5+ Kh8 26. Bg7+ Kg8 27. Be5+ Kf8 28. Qxh7 Qc3+ 29. Kh4 1-0

[Event "Capablanca Memorial Premier I 40th"]
[Site "Havana"]
[Date "2005.05.10"]
[Round "5"]
[White "Kallio, Heikki"]
[Black "De la Paz Perdomo, Frank"]
[Result "1-0"]
[WhiteElo "2469"]
[BlackElo "2461"]
[PlyCount "39"]
[EventDate "2005.05.06"]
[EventType "tourn"]
[EventRounds "13"]
[EventCountry "CUB"]
[EventCategory "8"]
[SourceTitle "CBM 106 Extra"]
[Source "ChessBase"]
[SourceDate "2005.07.01"]
[SourceVersion "1"]
[SourceVersionDate "2005.07.01"]
[SourceQuality "1"]

1. d4 Nf6 2. c4 g6 3. Nc3 Bg7 4. Nf3 0-0 5. Bg5 c5 6. d5 h6 7. Bh4 b5 8. Nd2 b4 9. Na4 d6 10. a3 Qa5 11. e3 Bd7 12. axb4 Qxb4 13. Bd3 Bxa4 14. Qxa4 Qxb2 15. Rb1 Qc3 16. Ke2 Nbd7 17. f4 Nb6 18. Qa2 g5 19. fxg5 Ng4 20. Ne4 1-0

[Event "EU Union-ch"]
[Site "Cork"]
[Date "2005.03.26"]
[Round "5"]
[White "Kallio, Heikki"]
[Black "Bischoff, Klaus"]
[Result "1/2-1/2"]
[WhiteElo "2469"]
[BlackElo "2555"]
[PlyCount "30"]
[EventDate "2005.03.22"]
[EventType "swiss"]
[EventRounds "10"]
[EventCountry "IRL"]
[SourceTitle "CBM 105 Extra"]
[Source "ChessBase"]
[SourceDate "2005.05.01"]
[SourceVersion "1"]
[SourceVersionDate "2005.05.01"]
[SourceQuality "1"]

1. e4 e6 2. d4 d5 3. Nc3 Nf6 4. e5 Nfd7 5. f4 c5 6. Nf3 Nc6 7. Be3 a6 8. Qd2 b5 9. dxc5 Bxc5 10. Ne2 Be7 11. Ned4 Nxd4 12. Nxd4 Qc7 13. b4 Nb6 14. a3 0-0 15. Bd3 Nc4 1/2-1/2

[Event "EU Union-ch"]
[Site "Cork"]
[Date "2005.03.24"]
[Round "3"]
[White "Kallio, Heikki"]
[Black "Medvegy, Nora"]
[Result "1-0"]
[WhiteElo "2469"]
[BlackElo "2388"]
[PlyCount "125"]
[EventDate "2005.03.22"]
[EventType "swiss"]
[EventRounds "10"]
[EventCountry "IRL"]
[SourceTitle "CBM 105 Extra"]
[Source "ChessBase"]
[SourceDate "2005.05.01"]
[SourceVersion "1"]
[SourceVersionDate "2005.05.01"]
[SourceQuality "1"]

1. d4 Nf6 2. Nf3 e6 3. e3 b6 4. Bd3 Bb7 5. 0-0 Be7 6. Nbd2 d5 7. Ne5 0-0 8. b3 Ne4 9. Bb2 f6 10. Nef3 Nd7 11. c4 Rc8 12. Qc2 f5 13. Rad1 c5 14. dxc5 Ndxc5 15. Be2 Bf6 16. Nd4 Qe8 17. N2f3 Kh8 18. Qb1 Nd6 19. cxd5 Bxd5 20. Ne1 Be4 21. Qa1 Qe7 22. Ndf3 Bxb2 23. Qxb2 Bd5 24. Ne5 Nce4 25. Rd4 Nc3 26. N1f3 Nxe2+ 27. Qxe2 Ne4 28. Qb2 Rc7 29. Nd2 Nc3 30. Ndc4 Ne4 31. a4 Kg8 32. f3 Nf6 33. Qd2 Rfc8 34. Rd1 Qc5 35. Kh1 Qe7 36. h3 Kf8 37. Qf2 Kg8 38. Qh4 Ne8 39. Qf4 Qf6 40. Kh2 h6 41. Qg3 Kh7 42. e4 Bxc4 43. Nxc4 f4 44. Qg4 g5 45. h4 Ng7 46. e5 Qe7 47. Nd6 Rd8 48. Ne4 Rxd4 49. Rxd4 Kg6 50. Nd6 h5 51. Qxg5+ Qxg5 52. hxg5 Kxg5 53. Nc4 Nf5 54. Rd8 Rc5 55. Rg8+ Kh4 56. Rg6 Nd4 57. g3+ fxg3+ 58. Rxg3 Nf5 59. Rg6 Nd4 60. f4 Rc7 61. Ne3 Nf3+ 62. Kg2 Nd4 63. Rg3 1-0

[Event "EU Union-ch"]
[Site "Cork"]
[Date "2005.03.23"]
[Round "2"]
[White "Heidenfeld, Mark"]
[Black "Kallio, Heikki"]
[Result "0-1"]
[WhiteElo "2344"]
[BlackElo "2469"]
[PlyCount "76"]
[EventDate "2005.03.22"]
[EventType "swiss"]
[EventRounds "10"]
[EventCountry "IRL"]
[SourceTitle "CBM 105 Extra"]
[Source "ChessBase"]
[SourceDate "2005.05.01"]
[SourceVersion "1"]
[SourceVersionDate "2005.05.01"]
[SourceQuality "1"]

1. e4 Nf6 2. e5 Nd5 3. d4 d6 4. c4 Nb6 5. exd6 exd6 6. Nc3 Be7 7. h3 0-0 8. Nf3 Bf5 9. Bd3 Bg6 10. Bxg6 hxg6 11. b3 c6 12. 0-0 d5 13. Qd3 Na6 14. Be3 Bf6 15. Rac1 Nc7 16. Rfd1 Re8 17. a4 a5 18. Rb1 Ne6 19. c5 Nd7 20. b4 axb4 21. Rxb4 b6 22. cxb6 Nxb6 23. Nd2 Be7 24. Rb2 Nxa4 25. Nxa4 Rxa4 26. Nf3 Bf6 27. Rb7 Qa8 28. Rb6 c5 29. dxc5 d4 30. Rxe6 fxe6 31. Bg5 Kf7 32. Nh4 Bxg5 33. Qxg6+ Kg8 34. Qxg5 Ra1 35. Rxa1 Qxa1+ 36. Kh2 d3 37. Qh5 Rd8 38. Ng6 Qf6 0-1

[Event "Budapest FS03 GM"]
[Site "Budapest"]
[Date "2005.03.08"]
[Round "4"]
[White "Kallio, Heikki"]
[Black "Lagowski, Patryk"]
[Result "1/2-1/2"]
[WhiteElo "2469"]
[BlackElo "2389"]
[PlyCount "235"]
[EventDate "2005.03.05"]
[EventType "tourn"]
[EventRounds "11"]
[EventCountry "HUN"]
[EventCategory "7"]
[SourceTitle "CBM 105 Extra"]
[Source "ChessBase"]
[SourceDate "2005.05.01"]
[SourceVersion "1"]
[SourceVersionDate "2005.05.01"]
[SourceQuality "1"]

1. Nf3 d5 2. g3 g6 3. Bg2 Bg7 4. d4 Nf6 5. 0-0 0-0 6. c4 c6 7. cxd5 cxd5 8. Ne5 Ne4 9. f3 Nd6 10. f4 f6 11. Nf3 Ne4 12. Nc3 Nc6 13. Be3 Nxc3 14. bxc3 Na5 15. Nd2 f5 16. Bf2 Be6 17. Nf3 Qd6 18. Qb1 b6 19. Rc1 Rac8 20. Qb4 Rfd8 21. Ng5 Bf7 22. Nxf7 Kxf7 23. Qa4 e6 24. e3 Bf8 25. Qd1 Rc7 26. g4 Rdc8 27. gxf5 gxf5 28. Be1 Nc4 29. Qf3 Kg8 30. Kh1 Rg7 31. Rc2 Qa3 32. Bf1 Qa4 33. Rg2 Rcc7 34. Bh4 Rxg2 35. Bxg2 Rg7 36. Qe2 Qa3 37. Be1 Rg6 38. Bf3 b5 39. Rb1 a6 40. h4 Be7 41. h5 Rg7 42. Qc2 Qd6 43. Qf2 h6 44. Rc1 Qa3 45. Rb1 Kh8 46. Qe2 Bf6 47. Qf2 Qe7 48. Rc1 Qe8 49. Rc2 Rg8 50. Re2 Qe7 51. Kh2 Qg7 52. Qg2 Qf7 53. Qf1 Bd8 54. Kh3 Ba5 55. Qf2 Nd6 56. Rc2 Ne4 57. Qf1 Nf6 58. Rg2 Ng4 59. Bxg4 fxg4+ 60. Rxg4 Qxh5+ 61. Rh4 Qf5+ 62. Kh2 Kh7 63. Qe2 Qg6 64. Qf2 Rc8 65. Rh3 Bxc3 66. f5 exf5 67. Qc2 f4 68. Qxg6+ Kxg6 69. Bf2 Bd2 70. exf4 Bxf4+ 71. Kg2 Bd6 72. Re3 Kf5 73. Rf3+ Ke6 74. Rh3 Rc2 75. Rxh6+ Kd7 76. a3 Ra2 77. Kf3 Rxa3+ 78. Be3 Ra2 79. Bf4 Be7 80. Rh5 Ra3+ 81. Ke2 Ra2+ 82. Kd3 Ra3+ 83. Ke2 b4 84. Rxd5+ Kc6 85. Re5 Bd8 86. Rc5+ Kb7 87. Rh5 a5 88. d5 b3 89. Kd3 a4 90. Be5 Ra2 91. Rh7+ Kb6 92. Rd7 Bg5 93. Bd4+ Kb5 94. Rb7+ Ka5 95. Ra7+ Kb4 96. Rb7+ Ka3 97. Bc5+ Kb2 98. Rg7 Bc1 99. d6 Kb1 100. d7 Rd2+ 101. Kc4 Ka2 102. Rg2 Rxg2 103. d8Q b2 104. Qd5 b1Q 105. Qxg2+ Bb2 106. Kb5 Qd1 107. Kc6 Ka1 108. Qd5 Qc2 109. Qh1+ Bc1 110. Kd5 Kb1 111. Qe4 Qxe4+ 112. Kxe4 Kc2 113. Kd4 Bb2+ 114. Kc4 Bc3 115. Be7 Be1 116. Bd6 Kb2 117. Be7 a3 118. Bxa3+ 1/2-1/2

[Event "Budapest FS03 GM"]
[Site "Budapest"]
[Date "2005.03.06"]
[Round "2"]
[White "Kallio, Heikki"]
[Black "Papp, Gabor"]
[Result "1-0"]
[WhiteElo "2469"]
[BlackElo "2477"]
[PlyCount "121"]
[EventDate "2005.03.05"]
[EventType "tourn"]
[EventRounds "11"]
[EventCountry "HUN"]
[EventCategory "7"]
[SourceTitle "CBM 105 Extra"]
[Source "ChessBase"]
[SourceDate "2005.05.01"]
[SourceVersion "1"]
[SourceVersionDate "2005.05.01"]
[SourceQuality "1"]

1. c4 Nf6 2. d4 e6 3. Nf3 b6 4. a3 Bb7 5. Nc3 d5 6. cxd5 exd5 7. Bf4 a6 8. e3 Bd6 9. Bxd6 Qxd6 10. g3 Ne4 11. Bg2 Nd7 12. 0-0 0-0 13. Qc2 Rac8 14. Rfd1 Rfe8 15. b4 Qe7 16. Rac1 Ndf6 17. Qb2 c5 18. dxc5 bxc5 19. bxc5 Nxc5 20. Nd4 g6 21. Qa2 Red8 22. a4 Ba8 23. a5 Nfe4 24. Nxe4 dxe4 25. Qa3 Qe5 26. Bh3 Rc7 27. Qc3 Rd5 28. Qb2 Rb7 29. Qa3 Rb8 30. Rb1 Rbd8 31. Bf1 Nd3 32. f4 Qc7 33. Ra1 Rxd4 34. exd4 Qa7 35. Rxd3 exd3 36. Qxd3 Qb7 37. Qe3 Qh1+ 38. Kf2 Bc6 39. d5 Re8 40. Qf3 Qxf3+ 41. Kxf3 Bxd5+ 42. Kf2 Re6 43. Rc1 Be4 44. Rc7 Rd6 45. Ke3 f5 46. Bc4+ Kh8 47. g4 Bd5 48. Be2 fxg4 49. Bxg4 Bg2 50. Rc5 Bf1 51. Bf3 Kg7 52. Bd5 Bb5 53. Rc7+ Kh6 54. Bg8 Bd7 55. Bc4 g5 56. fxg5+ Kxg5 57. Ra7 Bb5 58. Bxb5 axb5 59. Rb7 Rd5 60. a6 Rd8 61. a7 1-0

[Event "Kavala op 14th"]
[Site "Kavala"]
[Date "2005.??.??"]
[Round "7"]
[White "Kallio, Heikki"]
[Black "Stojanovski, Dejan"]
[Result "1-0"]
[WhiteElo "2507"]
[BlackElo "2405"]
[PlyCount "69"]
[EventDate "2005.08.12"]
[EventType "swiss"]
[EventRounds "9"]
[EventCountry "GRE"]
[SourceTitle "CBM 107 Extra"]
[Source "ChessBase"]
[SourceDate "2005.09.01"]
[SourceVersion "1"]
[SourceVersionDate "2005.09.01"]
[SourceQuality "1"]

1. d4 Nf6 2. c4 e6 3. Nf3 b6 4. Nc3 Bb4 5. e3 Bb7 6. Bd3 Ne4 7. Bd2 Bxc3 8. Bxe4 Bxe4 9. Bxc3 d6 10. Nd2 Bb7 11. Qg4 0-0 12. d5 e5 13. f4 f6 14. 0-0 Nd7 15. Rf3 Qe7 16. Qh4 c6 17. Rh3 h6 18. e4 exf4 19. Qxf4 Rae8 20. Bb4 c5 21. Bc3 Ne5 22. Rg3 Kh8 23. Qf1 Ba6 24. Nf3 g5 25. Re1 Kh7 26. Bxe5 fxe5 27. Qe2 Qf6 28. Rf1 Kh8 29. Nd2 Qg7 30. h4 Rxf1+ 31. Nxf1 Rf8 32. hxg5 hxg5 33. Qh5+ Qh7 34. Qxg5 Bc8 35. Ne3 1-0

[Event "Capablanca Memorial Premier II 39th"]
[Site "Havana"]
[Date "2004.05.10"]
[Round "5"]
[White "Abreu Delgado, Aryam"]
[Black "Kallio, Heikki"]
[Result "1/2-1/2"]
[WhiteElo "2459"]
[BlackElo "2484"]
[PlyCount "120"]
[EventDate "2004.05.06"]
[EventType "tourn"]
[EventRounds "13"]
[EventCountry "CUB"]
[EventCategory "8"]
[SourceTitle "CBM 100 Extra"]
[Source "ChessBase"]
[SourceDate "2004.07.06"]
[SourceVersion "2"]
[SourceVersionDate "2004.07.06"]
[SourceQuality "1"]

1. Nf3 d5 2. c4 c6 3. d4 Nf6 4. Nc3 dxc4 5. a4 Bf5 6. e3 e6 7. Bxc4 Bb4 8. 0-0 Nbd7 9. Nh4 0-0 10. Nxf5 exf5 11. Qb3 Qb6 12. Rd1 a5 13. Bd2 Qc7 14. Rac1 Rad8 15. g3 g6 16. Be1 h5 17. d5 Ne5 18. Be2 Qe7 19. dxc6 bxc6 20. Rd4 Kg7 21. Rcd1 Rb8 22. Qc2 Rb7 23. e4 fxe4 24. Nxe4 Bxe1 25. Rxe1 Rb4 26. Red1 Rfb8 27. Rxb4 Rxb4 28. Nc5 h4 29. Qc3 Nd5 30. Qc2 h3 31. Bf1 Nf3+ 32. Kh1 Nd4 33. Qc1 Ne6 34. Nd3 Rd4 35. Bxh3 Qd6 36. Bxe6 fxe6 37. Nc5 Rb4 38. Re1 Nc7 39. Qc3+ Kg8 40. Kg1 Qe7 41. Nd3 Rb6 42. Qxa5 Nd5 43. Nf4 Qb4 44. Qxb4 Rxb4 45. Nxd5 exd5 46. Re6 Rc4 47. Rxg6+ Kf7 48. Rh6 d4 49. Kg2 Ke7 50. Kf3 c5 51. Rb6 Rc1 52. Ke4 Rc2 53. h4 Rxf2 54. h5 Re2+ 55. Kf3 Rh2 56. Ke4 Rxh5 57. b4 cxb4 58. Rxb4 Rg5 59. Kf4 Rd5 60. Ke4 Rg5 1/2-1/2

[Event "Santo Domingo op"]
[Site "Santo Domingo"]
[Date "2003.12.02"]
[Round "7"]
[White "Stefansson, Hannes"]
[Black "Kallio, Heikki"]
[Result "1-0"]
[WhiteElo "2569"]
[BlackElo "2474"]
[PlyCount "43"]
[EventDate "2003.11.27"]
[EventType "swiss"]
[EventRounds "10"]
[EventCountry "DOM"]
[SourceTitle "CBM 097 Extra"]
[Source "ChessBase"]
[SourceDate "2004.01.13"]
[SourceVersion "1"]
[SourceVersionDate "2004.01.13"]
[SourceQuality "1"]

1. e4 e5 2. Nf3 Nc6 3. Bb5 a6 4. Ba4 Nf6 5. 0-0 Be7 6. Re1 b5 7. Bb3 d6 8. c3 0-0 9. h3 h6 10. d4 Re8 11. Nbd2 Bf8 12. a4 Bd7 13. d5 Ne7 14. Nf1 Ng6 15. N3h2 c6 16. dxc6 Bxc6 17. Ng4 Nd7 18. Qf3 Re7 19. Qf5 Nh8 20. Nxh6+ gxh6 21. Re3 d5 22. exd5 1-0

[Event "Budapest FS11 GM"]
[Site "Budapest"]
[Date "2003.11.11"]
[Round "11"]
[White "Kallio, Heikki"]
[Black "Bui, Vinh"]
[Result "1/2-1/2"]
[WhiteElo "2493"]
[BlackElo "2463"]
[PlyCount "90"]
[EventDate "2003.11.01"]
[EventType "tourn"]
[EventRounds "13"]
[EventCountry "HUN"]
[EventCategory "8"]
[SourceTitle "EXT 2004"]
[Source "ChessBase"]
[SourceDate "2003.11.25"]
[SourceVersion "1"]
[SourceVersionDate "2003.11.25"]
[SourceQuality "1"]

1. e4 c5 2. Nf3 Nc6 3. Nc3 d6 4. d4 cxd4 5. Nxd4 Nf6 6. Bg5 Bd7 7. Qd2 Rc8 8. f4 Qa5 9. 0-0-0 Nxd4 10. Qxd4 Rxc3 11. Bxf6 Rc7 12. Bh4 Qxa2 13. e5 Qa1+ 14. Kd2 Qa5+ 15. b4 Qa4 16. Bd3 dxe5 17. fxe5 e6 18. c3 Qa2+ 19. Ke3 Qd5 20. Ra1 a6 21. Qxd5 exd5 22. Kd4 Be7 23. Bxe7 Kxe7 24. Ra5 Rhc8 25. Rc1 Be6 26. Rc5 h6 27. Ra1 Rxc5 28. bxc5 Bd7 29. Be2 Bc6 30. Bf3 Rd8 31. h4 Ke6 32. Bg4+ Ke7 33. Bf3 g5 34. hxg5 hxg5 35. g3 g4 36. Bg2 Ke6 37. Ra2 Ra8 38. Bf1 a5 39. Be2 Kf5 40. Bd3+ Ke6 41. Be2 a4 42. Bxg4+ Ke7 43. Bf3 Ke6 44. Bg4+ Ke7 45. Bf3 Ke6 1/2-1/2

[Event "Budapest FS11 GM"]
[Site "Budapest"]
[Date "2003.11.04"]
[Round "4"]
[White "Seres, Lajos"]
[Black "Kallio, Heikki"]
[Result "1/2-1/2"]
[WhiteElo "2510"]
[BlackElo "2493"]
[PlyCount "68"]
[EventDate "2003.11.01"]
[EventType "tourn"]
[EventRounds "13"]
[EventCountry "HUN"]
[EventCategory "8"]
[SourceTitle "EXT 2004"]
[Source "ChessBase"]
[SourceDate "2003.11.25"]
[SourceVersion "1"]
[SourceVersionDate "2003.11.25"]
[SourceQuality "1"]

1. e4 c5 2. Nf3 Nc6 3. d4 cxd4 4. Nxd4 e6 5. Nb5 d6 6. Bf4 e5 7. Be3 Nf6 8. Bg5 Be6 9. Bxf6 gxf6 10. Nd2 a6 11. Nc3 f5 12. Bc4 Qg5 13. g3 Rc8 14. exf5 Qxf5 15. 0-0 Nb4 16. Bxe6 fxe6 17. f4 Qxc2 18. Qh5+ Qg6 19. Qxg6+ hxg6 20. fxe5 dxe5 21. Rf6 Nc2 22. Rc1 Nd4 23. Rcf1 Rg8 24. Nf3 Be7 25. Ne4 Rc4 26. Nfg5 Bxf6 27. Nxf6+ Kf8 28. Nxg8+ Kxg8 29. Rf6 Rc2 30. Rf2 Rc7 31. Kg2 a5 32. g4 b5 33. Kg3 b4 34. Rf6 Kg7 1/2-1/2